000 00596nam a2200217Ia 4500
005 20241129110247.0
008 241129s9999||||xx |||||||||||||| ||und||
020 _a978-81-944768-3-2
037 _aTB
040 _aARTS
_beng
_cARTS
041 _aeng
_2urd
084 _aV281 168Q9
_qARTS
100 _aMullah Wahidi Au.
_9727607
245 0 _aMere zamane ki Delhi
_cMullah Wahidi Au.
260 _aDelhi, India
_bM. R. Publications
_c2019
300 _a332p.
365 _aINR
_b495
650 _aHistory-Delhi
_9726662
942 _cTB
_hV281 168Q9
999 _c1227933
_d1227933